• 首页
  • 本馆介绍
  • 公告通知
  • 最新文献
  • 馆藏检索
  • 电子资源
  • 读者导购
  • 参考咨询
  • 我的图书馆
  • 登录
  • 详细信息显示
  • 放入我的书架
  • 预约/预借图书
  • 作者相关作品
  • 分类相关作品
  • 丛书相关作品
  • 出版社相关作品

书目信息

  • 表格格式
  • 工作单格式
  • 卡片格式
题名:
张之洞大传
    
 
作者: 马东玉 著
分册:  
出版信息: 北京   团结出版社  2008
页数: 392页
开本: 23cm
丛书名:
单 册:
中图分类: K827=52
科图分类:
主题词:
电子资源:
ISBN: 978-7-80214-329-6
000 00797nam0 2200241 45
001 012001001743
005 20140921103355.0
010    @a978-7-80214-329-6@dCNY57.00
100    @a20080610d2008 em y0chiy50 ea
101 0  @achi
102    @aCN@b110000
105    @aa z 000yb
106    @ar
200 1  @a张之洞大传@9zhang zhi dong da zhuan@f马东玉著@FMa Dong Yu Zhu@PMDYZ
210    @a北京@c团结出版社@d2008
215    @a392页@c图,照片@d23cm
330    @a本书内容包括:宦海生涯之前的博击、京官与学政、清流健将、疆臣治粤、近代企业巨头、近代教育家、张之洞在甲午战争中等。
600  0 @a张之洞@f(1837~1909)@x传记
600  0 @a张之洞@f(1837~1909)
690    @aK827=52@v4
701  0 @a马东玉@9ma dong yu@f(1945~)@4著
801  0 @aCN@b上海新华@c20180901
905    @b1152262-6@dK827@e786@f5
    
    张之洞大传/马东玉著.-北京:团结出版社,2008
    392页:图,照片;23cm
    
    
    ISBN 978-7-80214-329-6:CNY57.00
    本书内容包括:宦海生涯之前的博击、京官与学政、清流健将、疆臣治粤、近代企业巨头、近代教育家、张之洞在甲午战争中等。
●
相关链接 在E读中查询图书 在五车中查询图书 在当当中查询图书 在豆瓣中查询图书


正题名:张之洞大传     索取号:K827/786         预约/预借

序号 登录号 条形码 馆藏地/架位号 状态 备注
1 1152262   211522627   第二样本阅览室/ [索取号:K827/786] 在馆    
2 1152263   211522636   第二借阅区/ [索取号:K827/786] 在馆    
3 1152264   211522645   第二借阅区/ [索取号:K827/786] 在馆    
4 1152265   211522654   密集书库-史法系/ [索取号:K827/786] 在馆    
5 1152266   211522663   第二借阅区/ [索取号:K827/786] 在馆    
唐山师范学院图书馆 欢迎您!
大连网信软件有限公司© 版权所有